000 00461nam a22001697a 4500
003 0
005 20251114103335.0
008 251114b xxu||||| |||| 00| 0 eng d
020 _a978-0-385-54636-2
050 _aPS 3611.W36
_b.K83 2020
100 _aKwan, Kevin,
_eauthor.
245 _aSex and vanity :
_ba novel /
_cKevin Kwan.
260 _aNew York, NY :
_bDoubleday,
_c2020.
300 _a315 pages ;
_c24 cm.
650 _aLove stories.
942 _2lcc
_cBK
999 _c368635
_d368635